Britain - Statistics

General Stats
  • This quiz has been taken 50 times
  • The average score is 9 of 15
Answer Stats
Answer these question Answer % Correct
Which of these is the largest by population? England
89%
As of November 19th, 2019, who is the current Prime Minister? Boris Johnson
83%
Which of these states is the smallest by land area? Northern Ireland
81%
As of November 19th, 2019, who is the current monarch of the UK and its territories? Queen Elizabeth II
77%
Who was the Prime Minister that helped us win WWII? Winston Churchill
77%
As of November 19th, 2019, what party is incharge of the UK? Conservative
74%
What two colours are found on the Scottish flag? Blue, White
72%
Who is next inline to be King/Queen? Prince Charles
72%
What two colours are found on the English flag? Red, White
68%
Name the very popular Scottish soft drink Irn Bru
62%
What Sovereign States make up the UK? England, Scotland, Wales, Northern Ireland
49%
As of November 19th, 2019, the current leader of the opposition is... Jeremy Corbyn
34%
What three colours are found on the Welsh flag? Green, Red, and White
26%
In which year did Scotland and England unite to become one country? 1707
21%
As of November 19th, 2019, when is Britain due to leave the EU? January 31st, 2020
9%
No matching quizzes found
Score Distribution
Percent of People with Each Score
Percentile by Number Answered
Your Score History
You have not taken this quiz